Normal view MARC view
  • Dewan Bahasa dan Pustaka

Entry Corporate Name

Number of records used in: 3

001 - CONTROL NUMBER

  • control field: 295

003 - CONTROL NUMBER IDENTIFIER

  • control field: OSt

005 - DATE AND TIME OF LATEST TRANSACTION

  • control field: 20170418153714.0

008 - FIXED-LENGTH DATA ELEMENTS

  • fixed length control field: 170418|| aca||aabn | a|a d

040 ## - CATALOGING SOURCE

  • Original cataloging agency: OSt
  • Transcribing agency: OSt

110 ## - HEADING--CORPORATE NAME

  • Corporate name or jurisdiction name as entry element: Dewan Bahasa dan Pustaka

670 ## - SOURCE DATA FOUND

  • Source citation: Work cat.: (OSt)0: Ensiklopedia sejarah dan kebudayaan Melayu, 1999
Pusat Sumber Maklumat Dato' Haji Sarmin Md Hussin, Akademi Kastam Diraja Malaysia, Melaka
Tel: 06-2331106 | Faks: 06-2313787